| 000 | 00833nam a22002775i 4500 | ||
|---|---|---|---|
| 001 | 10787 | ||
| 003 | ES-MaACL | ||
| 005 | 20250823051514.0 | ||
| 007 | t| | ||
| 008 | 920121s1991 sp ||||0| spa j | ||
| 020 | _a84-7223-091-0 | ||
| 040 |
_aM-BN _bspa _cM-BN |
||
| 080 | _a860-92"19" | ||
| 100 | 1 |
_aCunqueiro, Álvaro, _d1911-1981 _942188 |
|
| 245 | 1 | 0 |
_aViajes imaginarios y reales / _cAlvaro Cunqueiro ; selección y prólogo de César Antonio Molina. |
| 250 | _a[2ª ed.]. | ||
| 260 |
_aBarcelona : _bTusquets, _c1991. |
||
| 300 |
_a338 p ; _c21 cm. |
||
| 490 | 1 |
_aMarginales ; _v91 |
|
| 500 | _aReimp. de la 1ª ed., 1986. | ||
| 700 | 1 |
_aMolina, César Antonio. _981883 |
|
| 830 | 0 | 0 |
_aMarginales ; _v91 _9236110 |
| 852 |
_aES-MaACL _jL-18170 _bR.121989 |
||
| 942 | _2udc | ||
| 999 |
_c10787 _d10787 |
||